| 000 | 00729nam a2200229 a 4500 | ||
|---|---|---|---|
| 999 |
_c2310 _d2310 |
||
| 001 | 2310 | ||
| 003 | BD-JhCC | ||
| 005 | 20171101084526.0 | ||
| 008 | 171101s1998 bg ||||| ||a| 00| 0 en d | ||
| 020 | _a9840737074 | ||
| 035 | _a(BD-JhCC)2310 | ||
| 040 |
_aBD-JhCC _dBD-JhCC |
||
| 041 | _aben | ||
| 082 |
_a306.2 _bMUK 1998 |
||
| 100 | _aমুখোপাধ্যায়, অমল কুমার | ||
| 245 |
_aরাজনৈতিক সমাজবিজ্ঞান / _cঅমল কুমার মুখোপাধ্যায় |
||
| 260 |
_aঢাকা : _bবাংলা একাডেমী, _c1998. |
||
| 300 |
_a149 p. : _c21 cm. |
||
| 650 | _aPolitical Sociology | ||
| 942 |
_2ddc _cBK |
||